000 00292nam a22001337a 4500
008 171201b xxu||||| |||| 00| 0 eng d
020 _a419940001
041 _aeng
080 _a159.9
100 _a49
101 _aPSI
245 _aGESTALT THERAPY VERBATIM
_cPERLS, F.S
942 _2udc
_cBK
999 _c38717
_d38717